书目信息 |
| 题名: |
外文期刊工作
|
|
| 作者: | 叶奋生 , 吴龙涛 编著 | |
| 分册: | ||
| 出版信息: | 上海 上海科学技术文献出版社 1983 |
|
| 页数: | 154页 | |
| 开本: | 25cm | |
| 丛书名: | ||
| 单 册: | ||
| 中图分类: | G255.2 | |
| 科图分类: | ||
| 主题词: | 期刊管理-外文 , 外文-期刊管理 | |
| 电子资源: | ||
| ISBN: | ||
| 000 | 00694nam0 2200253 45 | |
| 001 | 0183009834 | |
| 005 | 20060810094431.68 | |
| 010 | @dCNY1.28 | |
| 091 | @a17192.67 | |
| 100 | @a19950413d1983 em y0chiy0121 ea | |
| 101 | 0 | @achi |
| 102 | @aCN@b310000 | |
| 105 | @ay z 000yy | |
| 200 | 10 | @a外文期刊工作@Awai wen qi kan gong zuo@f吴龙涛, 叶奋生编著 |
| 210 | @a上海@c上海科学技术文献出版社@d1983 | |
| 215 | @a154页@d25cm | |
| 606 | @a期刊管理-外文 | |
| 606 | @a外文-期刊管理 | |
| 690 | @aG255.2@v3 | |
| 701 | 0 | @a叶奋生@Aye fen sheng@4编著 |
| 701 | 0 | @a吴龙涛@Awu long tao@4编著 |
| 801 | 2 | @aCN@bNLC@c20060810 |
| 801 | 0 | @aCN@b上海图书馆@c20040426 |
| 905 | @f1@b103682@dG255.2@e2 | |
| 外文期刊工作/吴龙涛, 叶奋生编著.-上海:上海科学技术文献出版社,1983 |
| 154页;25cm |
| ISBN :CNY1.28 |
| ● |
| 相关链接 |
|
|
|
|
正题名:外文期刊工作
索取号:G255.2/2
 
预约/预借
| 序号 | 登录号 | 条形码 | 馆藏地/架位号 | 状态 | 备注 |
| 1 | 0103682 | 000503912 | 密集书库/ [索取号:G255.2/2] | 在馆 | |
| 2 | 0103683 | 000503903 | 第一样本阅览室/ [索取号:G255.2/2] | 在馆 | |
| 3 | 0448328 | 204483282 | 密集书库/ [索取号:G255.2/2] | 在馆 | |
| 4 | 0448329 | 204483291 | 密集书库/ [索取号:G255.2/2] | 在馆 | |
| 5 | 0448330 | 204483308 | 密集书库/ [索取号:G255.2/2] | 在馆 | |
| 6 | 0448331 | 204483317 | 密集书库/ [索取号:G255.2/2] | 在馆 | |
| 7 | 0448332 | 204483326 | 密集书库/ [索取号:G255.2/2] | 在馆 |